000 00441nam a22001455i 4500
001 171946
003 ES-MaACL
005 20230906214756.0
008 090609s1914 fr |||| | fre d
100 1 _aSortais, Gaston.
_9140564
245 1 4 _aLes catholiques en face de la démocratie et du droit commun /
_cpar Gaston Sortais.
260 _aParis :
_bJ. de Gigord,
_c1914.
300 _aXII, 310 p. ;
_c19 cm.
852 _aES-MaACL
_jF-8840
999 _c171946
_d171946